00821nam a22002417a 45000010005000000030006000050050017000110080041000280200018000690400029000870500008001161000017001242450073001412500025002142600044002393000050002834900044003335050008003775200110003855210030004955210020005257000034005459707FISKH20260424132922.0260130b cb ||||| |||| 00| 0 eng d a9780462004846 aFISKHbengcFISKHdFISKH aPZ7 aWard , Casey aThe new principal / cWritten by Casey . Photograph by Vinnie Riesck aFirst published 2008 aLondon : bMarshall Cavendish , c2008. a16 pages : bcolor illustrations ; c19 cm .  aMy Pals Are Here ! - Reading Stars v7b aE  aA new female principal has come to work on her first day. She visits many classrooms to see the students.8 a200 bLexile estimate 8 aE bRaz-Plus  aRiesck , VinnieeIllustrator